[Event "FRA-ch Youth U18 2019"]
[Site "Hyeres"]
[Date "2019.04.17"]
[Round "5.2"]
[White "Gao, Etienne"]
[Black "Djidjeli, Sofiane"]
[Result "1/2-1/2"]
[WhiteElo "2286"]
[BlackElo "2099"]
[Annotator "TA"]
[PlyCount "56"]
[EventDate "2019.04.14"]
[EventType "swiss"]
[EventCountry "FRA"]
[SourceTitle "playchess.com"]
[Source "ChessBase"]
[SourceQuality "1"]

{[%evp 9,56,0,0,-21,0,-12,11,11,12,16,19,26,18,21,72,58,59,51,55,41,36,34,29,33,29,7,0,2,6,0,0,-16,-16,-17,-17,-23,-17,-18,-14,-17,-7,-35,-16,-16,-17,-10,-20,-8,-4]} 1. e4 e5 2. Nf3 Nf6 3. Nc3 Bb4 4. Bc4 d6 5. d3 O-O 6. Bg5 {C42: Petroff Defence: 3 Nxe5 and unusual White 3rd moves} Be6 (6... c6 7. O-O h6 8. Bh4 Nbd7 9. Ne2 Re8 10. c3 Ba5 11. Ng3 Nf8 12. Nf5 d5 13. Bb3 Ng6 {1-0 (35) Gunina,V (2526)-Ni,S (2444) Qinhuangdao 2018}) 7. Bb3 Bxb3 8. axb3 {[%cal Ba2b3,Bb3b4][%mdl 32]} h6 $146 ({Predecessor:} 8... Nbd7 9. O-O Bxc3 10. bxc3 h6 11. Be3 a6 12. Nd2 Re8 13. f4 exf4 14. Bxf4 {1-0 (29) Meng,F (2288)-Kostin,A Vancouver 2003}) 9. Bh4 Bxc3+ 10. bxc3 Nbd7 11. O-O Nc5 (11... a5 $11 {keeps the balance.}) 12. Re1 Re8 13. b4 Ncd7 {[%cal Bc5d7,Bd7f8,Bf8g6][%mdl 32]} 14. Qd2 Nf8 15. Ra5 a6 16. Rea1 Rb8 17. b5 axb5 18. Rxb5 b6 19. Rb4 Ng6 20. Bg3 Ra8 21. Rba4 Rxa4 22. Rxa4 Qd7 23. Ra1 Qc6 24. c4 Ra8 25. Qc3 Rxa1+ 26. Qxa1 {The position is equal.} b5 27. Nd2 bxc4 28. Qc3 Nh5 {Accuracy: White = 42%, Black = 66%.} 1/2-1/2

[Event "FRA-ch Youth U18 2019"]
[Site "Hyeres"]
[Date "2019.04.17"]
[Round "5.3"]
[White "Fournier, Loic"]
[Black "Mazzella, Enzo"]
[Result "1/2-1/2"]
[WhiteElo "2024"]
[BlackElo "2249"]
[Annotator "TA"]
[PlyCount "93"]
[EventDate "2019.04.14"]
[EventType "swiss"]
[EventCountry "FRA"]
[SourceTitle "playchess.com"]
[Source "ChessBase"]
[SourceQuality "1"]

{[%evp 16,93,16,25,48,55,49,42,52,44,45,48,50,47,50,14,19,-35,-43,-41,-41,-31,-13,-97,0,0,0,-9,-12,-25,-18,-19,0,-66,-11,-15,0,0,0,0,0,0,0,0,0,0,0,0,0,0,0,0,36,0,0,0,6,0,0,0,0,0,0,0,0,0,0,0,0,0,0,0,0,0,29991,0,0,0,29999,29990]} 1. d4 Nf6 2. Nf3 g6 3. Bf4 Bg7 4. e3 O-O 5. Be2 d6 6. O-O Nfd7 7. h3 Nc6 8. c4 e5 9. Bh2 e4 {A48: 1 d4 Nf6 2 Nf3 g6: Torre, London and Colle Systems} (9... f5 10. Nc3 g5 11. c5 e4 12. cxd6 exf3 13. dxc7 Qe8 14. Bxf3 Nf6 15. Nb5 g4 16. hxg4 fxg4 17. Nd6 {1-0 (45) Shabalov,A (2520)-Naiditsch,A (2673) Jurmala 2016}) 10. Nfd2 f5 11. Nc3 Nf6 {White is slightly better.} 12. a3 g5 13. b4 Ne7 14. Rc1 Ng6 15. c5 d5 16. Be5 $146 (16. f3 $11) ({Predecessor:} 16. Nb5 f4 17. c6 {0-1 (52) Galvan Sarmiento,J (2008)-Meneses Gonzalez,K (2195) El Sauzal 2010}) 16... Nxe5 $15 17. dxe5 Nd7 18. Nxd5 {Threatens to win with e6.} Nxe5 19. Nc4 {[#]} (19. Nc3 $11 {remains equal.}) 19... Be6 ({Black should try} 19... Nd3 $1 $17 {[%mdl 512]} 20. Bxd3 exd3) 20. Nxe5 $11 Bxe5 21. Bc4 $1 Bf7 {...c6 is the strong threat.} 22. Qb3 c6 23. Nc3 Qf6 24. Rfd1 (24. Ne2 $11) 24... Rad8 ({Better is} 24... Kh8 $15) 25. Ne2 Bxc4 26. Qxc4+ Qf7 27. Qc2 Qf6 28. Rb1 {[%cal Bc1b1,Bb1b7,Bb7d7][%mdl 32]} Kg7 29. a4 h5 30. b5 g4 31. bxc6 bxc6 32. hxg4 hxg4 33. Rb7+ Kg6 34. Nf4+ Bxf4 $1 35. exf4 Rd3 36. Rd7 {And now Rd6 would win.} ({Wrong is} 36. Rxa7 $2 Rfd8 $19) 36... Rd8 37. R1xd3 exd3 38. Qxd3 {[%mdl 4096] Endgame KQR-KQR} Qa1+ 39. Kh2 Qh8+ ({Not} 39... Rh8+ $2 40. Kg3 $18) 40. Kg1 Qa1+ 41. Kh2 Qh8+ (41... Rh8+ $2 42. Kg3 $18) 42. Kg1 Qa1+ 43. Kh2 Qh8+ ({But not} 43... Rh8+ $2 44. Kg3 $18) 44. Kg3 Qa1 $2 {[%mdl 8192]} (44... Rxd7 $11 45. Qxd7 {[%mdl 64] Double Attack} Qc3+ {[%mdl 64] Double Attack} 46. f3 Qe1+ 47. Kh2 Qh4+ 48. Kg1 Qe1+ 49. Kh2 Qh4+ 50. Kg1 Qe1+ 51. Kh2) 45. Kh2 $2 (45. Rxd8 {mates} Qf6 {[#]} 46. Rd6 $1 {[%mdl 512]} a5 47. Rxf6+ Kxf6 48. Qd6+ Kf7 49. Kh4 Ke8 50. Kg5 Kf7 51. Qd7+ {[%mdl 64] Double Attack} Kg8 52. Kf6 Kh8 53. Qg7#) 45... Rh8+ 46. Kg3 {White wants to mate with Rd6+.} Kf6 $2 {[%mdl 8192]} (46... Rd8 $11) 47. Rd6+ {[%mdl 32768] Accuracy: White = 56%, Black = 60%. . An unexpected result.} 1/2-1/2

[Event "FRA-ch Youth U18 2019"]
[Site "Hyeres"]
[Date "2019.04.17"]
[Round "5.4"]
[White "Espinoux, Jules"]
[Black "Bournel, Antoine"]
[Result "0-1"]
[WhiteElo "1885"]
[BlackElo "2221"]
[Annotator "TA"]
[PlyCount "124"]
[EventDate "2019.04.14"]
[EventType "swiss"]
[EventCountry "FRA"]
[SourceTitle "playchess.com"]
[Source "ChessBase"]
[SourceQuality "1"]

{[%evp 14,124,29,10,46,54,63,21,0,0,7,0,0,-8,0,0,-10,0,0,0,27,17,13,0,14,4,25,-68,-38,-44,-6,-14,-22,-16,-22,-18,0,0,67,0,104,22,129,61,280,301,353,377,378,355,450,448,440,397,403,405,395,219,222,229,237,180,181,0,179,-257,-236,-259,-252,-534,-531,-608,-440,-456,-452,-516,-508,-965,-960,-886,-836,-29972,-29973,-2464,-969,-1017,-1028,-948,-933,-1020,-1058,-1256,-1338,-1278,-1247,-827,-825,-877,-812,-801,-584,-5122,-4662,-29983,-29983,-29983,-29984,-29983,-29943,-29988,-29989,-29991,-29992]} 1. d4 Nf6 2. Nf3 d5 3. e3 e6 4. Bd3 c5 5. O-O Nc6 6. b3 Bd6 7. Bb2 O-O 8. Nbd2 Qc7 {D05: Colle System with ...e6} (8... b6 9. dxc5 Bxc5 10. c4 dxc4 11. Nxc4 Bb7 12. Qe2 Qe7 13. Ng5 Rfd8 14. Bxf6 Qxf6 15. Bxh7+ Kf8 16. Ne4 {0-1 (39) Wojtaszek,R (2749)-Ganguly,S (2668) Doha 2016}) 9. dxc5 Bxc5 10. Bxf6 gxf6 {The position is equal.} 11. Nd4 Qe5 $146 ({Predecessor:} 11... e5 12. Nf5 Kh8 13. Qg4 Rg8 14. Qh4 Rg6 15. e4 Bxf5 16. exf5 {0-1 (27) Maasik,L (1490)-Narva,M (2129) Narva 2016}) 12. Qg4+ Qg5 13. Qh3 $132 {[%csl Gd3][%cal Rh3h7][%mdl 2048] White is not keeping still} Qg7 14. Nxc6 bxc6 15. c4 $1 Bd7 16. Rac1 Bd6 17. e4 Bf4 18. Rcd1 d4 19. c5 Rad8 20. e5 (20. Qh4 $11 e5 21. Nc4) 20... fxe5 $15 {Threatens to win with ...f5.} 21. Nf3 $1 Bc8 {Strongly threatening ...f5.} 22. Kh1 f6 23. g3 Bh6 24. Rfe1 Rd5 25. b4 {[#]} Bg5 ({Black should try} 25... a5 $1 $11 {[%mdl 512]} 26. a3 (26. bxa5 Rxc5) 26... Bd7) 26. Bc4 (26. a3 $14) 26... h6 (26... Bh6 $11) 27. Rd3 (27. Qf1 $16) 27... Re8 {[#]} (27... a5 $11) 28. Qh5 (28. Ra3 $1 $16) 28... Rdd8 $2 (28... Re7 $1 $14) 29. h4 $18 Kf8 30. hxg5 hxg5 31. Ra3 Rd7 32. Kg2 Rb7 33. Rb3 g4 34. Nh4 Ke7 35. f4 (35. Ng6+ $142 Kd8 36. Bd3) 35... gxf3+ 36. Qxf3 Rc7 37. Qh5 Rg8 38. Qf3 $2 ({Better is} 38. a4 $18) 38... Qg5 $2 (38... Re8 $1 $11 {and Black is okay.}) 39. Nf5+ $4 {[%mdl 8192]} (39. Qe4 $18 {avoids the disaster.}) 39... exf5 $19 40. Bxg8 Qxg8 41. Rh1 $2 (41. Kf2) 41... Be6 42. Qh5 Bxb3 43. axb3 {[%mdl 4096] Endgame KQR-KQR} Ke6 44. Rf1 f4 45. g4 (45. Qh3+ $142 Kd5 46. Rxf4) 45... Rg7 46. Qf5+ {[#]} Ke7 $1 47. Kf3 Qxb3+ 48. Ke2 Qe6 49. Ra1 Qxf5 50. gxf5 {KR-KR} Kf8 {Hoping for ...e4.} 51. b5 cxb5 52. Ra6 Rc7 53. Rxf6+ {[#]} Kg7 $1 54. Rg6+ Kf7 55. c6 e4 56. Rh6 Rc8 {White must now prevent ...b4.} 57. c7 b4 58. Re6 Rxc7 {Black mates.} 59. Kd2 Re7 60. Rh6 e3+ 61. Ke1 d3 62. Rc6 f3 {Accuracy: White = 29%, Black = 41%.} 0-1

[Event "FRA-ch Youth U18 2019"]
[Site "Hyeres"]
[Date "2019.04.18"]
[Round "6.1"]
[White "Djidjeli, Sofiane"]
[Black "Travadon, Loic"]
[Result "0-1"]
[WhiteElo "2099"]
[BlackElo "2456"]
[Annotator "ChessBase"]
[PlyCount "118"]
[EventDate "2019.04.14"]
[EventType "swiss"]
[EventCountry "FRA"]
[SourceTitle "playchess.com"]
[Source "ChessBase"]
[SourceQuality "1"]
[TimeControl "5400+30"]

1. e4 {[%emt 0:00:00]} e5 {[%emt 0:00:00]} 2. Nf3 {[%emt 0:01:08]} d6 {[%emt 0:00:00]} 3. d4 {[%emt 0:02:08]} exd4 {[%emt 0:00:02]} 4. Nxd4 {[%emt 0:00:06]} Nf6 {[%emt 0:00:03]} 5. Nc3 {[%emt 0:01:22]} Be7 {[%emt 0:00:05]} 6. Be2 {[%emt 0:08:00]} O-O {[%emt 0:00:05]} 7. O-O {[%emt 0:00:39]} Re8 {[%emt 0:00:03]} 8. Re1 {[%emt 0:01:15]} Bf8 {[%emt 0:01:35]} 9. Bf1 {[%emt 0:00:23]} c6 {[%emt 0:03:23]} 10. Bg5 {[%emt 0:01:36]} Nbd7 {[%emt 0:02:53]} 11. Qd2 {[%emt 0:08:19]} h6 {[%emt 0:00:19]} 12. Bf4 {[%emt 0:02:15]} Ne5 {[%emt 0:00:47]} 13. Rad1 {[%emt 0:01:35]} Ng6 {[%emt 0:00:28]} 14. Nb3 {[%emt 0:12:20]} Nxf4 {[%emt 0:00:20]} 15. Qxf4 {[%emt 0:00:06]} Bd7 {[%emt 0:06:10]} 16. h3 {[%emt 0:09:48]} Qc7 {[%emt 0:01:50]} 17. Nd4 {[%emt 0:02:40]} b5 {[%emt 0:00:41]} 18. Nf5 {[%emt 0:02:25]} Bxf5 {[%emt 0:00:06]} 19. exf5 {[%emt 0:01:05]} Qb6 {[%emt 0:04:40]} 20. Ne4 {[%emt 0:04:24]} Nxe4 {[%emt 0:00:19]} 21. Rxe4 {[%emt 0:00:08]} d5 {[%emt 0:02:21]} 22. Rxe8 {[%emt 0:00:40]} Rxe8 {[%emt 0:00:02]} 23. Bd3 {[%emt 0:01:02]} Qd8 {[%emt 0:05:09]} 24. c3 {[%emt 0:04:27]} Bd6 {[%emt 0:00:35]} 25. Qd2 {[%emt 0:00:54]} Qf6 {[%emt 0:06:48]} 26. Re1 {[%emt 0:05:51]} Rd8 {[%emt 0:00:30]} 27. Qe3 {[%emt 0:00:30]} a6 {[%emt 0:00:30]} 28. Qb6 {[%emt 0:00:30]} c5 {[%emt 0:00:30]} 29. g3 {[%emt 0:00:30]} c4 {[%emt 0:00:30]} 30. Bb1 {[%emt 0:00:30]} Be5 {[%emt 0:01:04]} 31. Qe3 {[%emt 0:09:48]} Bc7 {[%emt 0:01:42]} 32. b3 {[%emt 0:04:17]} Ba5 {[%emt 0:01:16]} 33. Rc1 {[%emt 0:01:53]} Bb6 {[%emt 0:00:30]} 34. Qf3 {[%emt 0:00:30]} Ba5 {[%emt 0:01:07]} 35. Kg2 {[%emt 0:00:30]} d4 {[%emt 0:00:00]} 36. cxd4 {[%emt 0:14:26]} Bd2 37. Rd1 {[%emt 0:00:00]} c3 {[%emt 0:05:11]} 38. d5 {[%emt 0:00:00]} Qd4 {[%emt 0:00:46]} 39. Qe4 {[%emt 0:00:00]} Qxd5 {[%emt 0:00:22]} 40. Qxd5 {[%emt 0:00:00]} Rxd5 {[%emt 0:00:05]} 41. Kf3 {[%emt 0:00:00]} Kf8 {[%emt 0:00:52]} 42. a3 {[%emt 0:00:00]} Ke7 {[%emt 0:00:46]} 43. Bc2 {[%emt 0:00:00]} Kd6 {[%emt 0:00:23]} 44. Ke2 {[%emt 0:00:00]} Kc5 {[%emt 0:00:29]} 45. Kf3 {[%emt 0:00:00]} Kd4 {[%emt 0:00:30]} 46. Rf1 {[%emt 0:00:00]} Re5 {[%emt 0:00:30]} 47. Rd1 {[%emt 0:00:00]} a5 {[%emt 0:00:30]} 48. Rb1 {[%emt 0:00:00]} Re8 {[%emt 0:00:54]} 49. Rd1 {[%emt 0:00:00]} Ra8 {[%emt 0:00:33]} 50. Ra1 {[%emt 0:00:00]} Kc5 {[%emt 0:00:26]} 51. Rb1 {[%emt 0:00:00]} b4 {[%emt 0:00:30]} 52. a4 {[%emt 0:00:00]} Kd4 {[%emt 0:00:14]} 53. Rf1 {[%emt 0:00:00]} Re8 {[%emt 0:00:26]} 54. Rd1 {[%emt 0:00:00]} Re5 {[%emt 0:00:43]} 55. Rb1 {[%emt 0:00:00]} Rc5 {[%emt 0:00:15]} 56. Rd1 {[%emt 0:00:00]} Ke5 {[%emt 0:00:05]} 57. Ke2 {[%emt 0:00:00]} Kf6 {[%emt 0:00:22]} 58. Rb1 {[%emt 0:01:53]} Re5+ {[%emt 0:02:12]} 59. Kf3 {[%emt 0:04:25]} Rxf5+ {[%emt 0:00:15]} 0-1

[Event "FRA-ch Youth U18 2019"]
[Site "Hyeres"]
[Date "2019.04.18"]
[Round "6.2"]
[White "Bournel, Antoine"]
[Black "Gao, Etienne"]
[Result "0-1"]
[WhiteElo "2221"]
[BlackElo "2286"]
[Annotator "NA"]
[PlyCount "102"]
[EventDate "2019.04.14"]
[EventType "swiss"]
[EventCountry "FRA"]
[SourceTitle "playchess.com"]
[Source "ChessBase"]
[SourceQuality "1"]
[TimeControl "5400+30"]

1. e4 {[%emt 0:00:00]} c5 {[%emt 0:00:00]} 2. Nf3 {[%emt 0:00:06]} d6 {[%emt 0:00:00]} 3. Bb5+ {[%emt 0:00:22]} Nd7 {[%emt 0:00:11]} 4. d4 {[%emt 0:00:28]} cxd4 {[%emt 0:00:21]} 5. Qxd4 {[%emt 0:00:08]} a6 {[%emt 0:01:21]} 6. Bxd7+ {[%emt 0:00:25]} Bxd7 {[%emt 0:00:08]} 7. c4 {[%emt 0:00:31]} e5 {[%emt 0:00:58]} 8. Qd3 {[%emt 0:00:32]} Rc8 {[%emt 0:08:23]} 9. Nc3 {[%emt 0:04:53]} Qc7 {[%emt 0:03:58]} 10. b3 {[%emt 0:00:23]} b5 {[%emt 0:01:31]} 11. Nd5 {[%emt 0:00:20]} Qc6 {[%emt 0:02:41]} 12. Nd2 {[%emt 0:05:51]} Nf6 {[%emt 0:01:06]} 13. Nxf6+ {[%emt 0:09:37]} gxf6 {[%emt 0:00:04]} 14. O-O {[%emt 0:05:06]} Qb7 {[%emt 0:11:49]} 15. Ba3 {[%emt 0:06:22]} b4 {[%emt 0:03:54]} 16. Bb2 {[%emt 0:07:37]} h5 {[%emt 0:02:42]} 17. f4 {[%emt 0:20:34]} Rg8 {[%emt 0:07:43]} 18. Rf3 {[%emt 0:02:51]} Qb6+ {[%emt 0:07:12]} 19. Kh1 {[%emt 0:03:05]} Bg4 {[%emt 0:04:29]} 20. Rff1 {[%emt 0:00:05]} h4 {[%emt 0:07:45]} 21. f5 {[%emt 0:00:59]} Bh6 {[%emt 0:10:30]} 22. Rae1 {[%emt 0:01:58]} Ke7 {[%emt 0:00:45]} 23. Bc1 {[%emt 0:01:58]} Qa5 {[%emt 0:02:48]} 24. Qb1 {[%emt 0:01:55]} Bh5 {[%emt 0:02:26]} 25. Nf3 {[%emt 0:02:18]} Bxc1 {[%emt 0:00:06]} 26. Rxc1 {[%emt 0:00:25]} Rg4 {[%emt 0:05:55]} 27. h3 {[%emt 0:02:01]} Rg3 {[%emt 0:02:29]} 28. Nxh4 {[%emt 0:04:51]} Qc5 {[%emt 0:01:25]} 29. Qc2 {[%emt 0:01:38]} Rh8 {[%emt 0:02:54]} 30. Rce1 {[%emt 0:03:46]} Bg4 {[%emt 0:00:54]} 31. Nf3 {[%emt 0:02:50]} Bxf3 {[%emt 0:00:44]} 32. Rxf3 {[%emt 0:00:06]} Rxf3 {[%emt 0:05:57]} 33. gxf3 {[%emt 0:00:40]} Rxh3+ {[%emt 0:00:06]} 34. Kg2 {[%emt 0:00:05]} Rh5 {[%emt 0:00:11]} 35. Rh1 {[%emt 0:05:49]} Rg5+ {[%emt 0:01:16]} 36. Kf1 {[%emt 0:00:05]} Qd4 {[%emt 0:00:24]} 37. Qc1 {[%emt 0:03:18]} Rg3 {[%emt 0:00:25]} 38. Qc2 {[%emt 0:02:14]} Qe3 {[%emt 0:01:17]} 39. Qe2 {[%emt 0:00:46]} Rxf3+ {[%emt 0:00:05]} 40. Ke1 {[%emt 0:00:05]} Qc3+ {[%emt 0:00:12]} 41. Qd2 {[%emt 0:00:19]} Re3+ {[%emt 0:00:04]} 42. Kd1 {[%emt 0:00:09]} Rd3 {[%emt 0:00:05]} 43. Rh2 {[%emt 0:00:04]} Qa1+ {[%emt 0:00:27]} 44. Kc2 {[%emt 0:00:08]} Rxd2+ {[%emt 0:00:17]} 45. Rxd2 {[%emt 0:00:04]} Qxa2+ {[%emt 0:00:07]} 46. Kc1 {[%emt 0:00:12]} Qxb3 {[%emt 0:00:22]} 47. Rc2 {[%emt 0:00:12]} Qe3+ {[%emt 0:00:12]} 48. Kb2 {[%emt 0:00:05]} a5 {[%emt 0:00:22]} 49. Rc1 {[%emt 0:00:04]} a4 {[%emt 0:00:09]} 50. Rd1 {[%emt 0:00:08]} Qc3+ {[%emt 0:00:13]} 51. Kb1 {[%emt 0:00:05]} a3 {[%emt 0:00:07]} 0-1

[Event "FRA-ch Youth U18 2019"]
[Site "Hyeres"]
[Date "2019.04.18"]
[Round "6.3"]
[White "Lucas, Arthur"]
[Black "Fournier, Loic"]
[Result "0-1"]
[WhiteElo "2301"]
[BlackElo "2024"]
[Annotator "NA"]
[PlyCount "86"]
[EventDate "2019.04.14"]
[EventType "swiss"]
[EventCountry "FRA"]
[SourceTitle "playchess.com"]
[Source "ChessBase"]
[SourceQuality "1"]
[TimeControl "5400+30"]

1. e4 {[%emt 0:00:00]} e6 {[%emt 0:00:44]} 2. d4 {[%emt 0:00:00]} d5 {[%emt 0:00:56]} 3. Bd3 {[%emt 0:00:00]} c5 {[%emt 0:02:06]} 4. exd5 {[%emt 0:00:00]} Qxd5 {[%emt 0:00:12]} 5. Nc3 {[%emt 0:00:02]} Qd8 {[%emt 0:02:01]} 6. Nf3 {[%emt 0:01:49]} Nf6 {[%emt 0:01:58]} 7. Be3 {[%emt 0:16:09]} cxd4 {[%emt 0:01:50]} 8. Nxd4 {[%emt 0:02:45]} Be7 {[%emt 0:00:16]} 9. Qf3 {[%emt 0:08:33]} O-O {[%emt 0:06:55]} 10. O-O-O {[%emt 0:01:04]} Nbd7 {[%emt 0:00:24]} 11. Qg3 {[%emt 0:11:38]} Qa5 {[%emt 0:06:39]} 12. Ndb5 {[%emt 0:09:19]} a6 {[%emt 0:06:31]} 13. Nc7 {[%emt 0:13:30]} Nh5 {[%emt 0:04:02]} 14. Qh3 {[%emt 0:00:47]} Qxc7 {[%emt 0:01:32]} 15. Qxh5 {[%emt 0:00:07]} f5 {[%emt 0:15:40]} 16. Qe2 {[%emt 0:10:25]} Ne5 {[%emt 0:08:31]} 17. Bd4 {[%emt 0:04:05]} Nc6 {[%emt 0:00:49]} 18. Bc4 {[%emt 0:01:16]} Nxd4 {[%emt 0:01:50]} 19. Rxd4 {[%emt 0:00:08]} Bf6 {[%emt 0:01:40]} 20. Bxe6+ {[%emt 0:03:19]} Kh8 {[%emt 0:01:16]} 21. Rc4 {[%emt 0:01:46]} Qa5 {[%emt 0:10:12]} 22. Ra4 {[%emt 0:07:15]} Qc5 {[%emt 0:00:41]} 23. Rc4 {[%emt 0:01:10]} Qa5 {[%emt 0:00:08]} 24. Ra4 {[%emt 0:00:39]} Qc5 {[%emt 0:00:09]} 25. Rc4 {[%emt 0:06:12]} Qa5 {[%emt 0:00:09]} 26. Bxc8 {[%emt 0:00:22]} Raxc8 {[%emt 0:00:45]} 27. Rxc8 {[%emt 0:00:12]} Rxc8 {[%emt 0:00:11]} 28. Qe6 {[%emt 0:00:25]} Qc5 {[%emt 0:00:47]} 29. Re1 {[%emt 0:00:29]} h6 {[%emt 0:00:40]} 30. Qe3 {[%emt 0:00:57]} Bg5 {[%emt 0:00:24]} 31. f4 {[%emt 0:00:31]} Qxe3+ {[%emt 0:00:05]} 32. Rxe3 {[%emt 0:00:02]} Bxf4 {[%emt 0:00:11]} 33. Kd2 {[%emt 0:00:19]} b5 {[%emt 0:01:53]} 34. Nd1 {[%emt 0:00:40]} Bxe3+ {[%emt 0:00:12]} 35. Nxe3 {[%emt 0:00:04]} g6 {[%emt 0:00:24]} 36. Kd3 {[%emt 0:00:48]} Rd8+ {[%emt 0:00:19]} 37. Kc3 {[%emt 0:00:10]} h5 {[%emt 0:01:13]} 38. g3 {[%emt 0:00:24]} Kg7 {[%emt 0:00:19]} 39. b3 {[%emt 0:00:41]} Kf6 {[%emt 0:00:46]} 40. a4 {[%emt 0:00:18]} Ke5 {[%emt 0:00:13]} 41. axb5 {[%emt 0:00:15]} axb5 {[%emt 0:00:22]} 42. h4 {[%emt 0:01:33]} f4 {[%emt 0:00:20]} 43. gxf4+ {[%emt 0:00:15]} Kxf4 {[%emt 0:00:07]} 0-1

[Event "FRA-ch Youth U18 2019"]
[Site "Hyeres"]
[Date "2019.04.18"]
[Round "6.4"]
[White "Mazzella, Enzo"]
[Black "Gault, Emmanuel"]
[Result "1-0"]
[WhiteElo "2249"]
[BlackElo "1962"]
[Annotator "NA"]
[PlyCount "79"]
[EventDate "2019.04.14"]
[EventType "swiss"]
[EventCountry "FRA"]
[SourceTitle "playchess.com"]
[Source "ChessBase"]
[SourceQuality "1"]
[TimeControl "5400+30"]

1. e4 {[%emt 0:00:00]} c5 {[%emt 0:00:00]} 2. Nc3 {[%emt 0:00:00]} g6 {[%emt 0:00:00]} 3. d4 {[%emt 0:00:00]} cxd4 {[%emt 0:00:00]} 4. Qxd4 {[%emt 0:00:00]} Nf6 {[%emt 0:00:00]} 5. Nf3 {[%emt 0:00:00]} Nc6 {[%emt 0:00:47]} 6. Qa4 {[%emt 0:00:00]} d6 {[%emt 0:00:09]} 7. e5 {[%emt 0:00:00]} Ng4 {[%emt 0:00:36]} 8. exd6 {[%emt 0:00:45]} Qxd6 {[%emt 0:00:09]} 9. h3 {[%emt 0:00:15]} Nge5 {[%emt 0:01:15]} 10. Nxe5 {[%emt 0:00:30]} Qxe5+ {[%emt 0:00:08]} 11. Be2 {[%emt 0:00:09]} Bg7 {[%emt 0:01:17]} 12. Be3 {[%emt 0:00:22]} O-O {[%emt 0:00:35]} 13. Rd1 {[%emt 0:00:09]} Be6 {[%emt 0:01:09]} 14. O-O {[%emt 0:06:31]} Rfd8 {[%emt 0:02:26]} 15. Bf3 {[%emt 0:27:29]} Nd4 {[%emt 0:21:09]} 16. Bxb7 {[%emt 0:17:01]} Rab8 {[%emt 0:00:20]} 17. Bd5 {[%emt 0:00:16]} Bxd5 {[%emt 0:10:42]} 18. Bxd4 {[%emt 0:04:57]} Qg5 {[%emt 0:03:30]} 19. Nxd5 {[%emt 0:02:20]} Rxd5 {[%emt 0:01:23]} 20. Qxa7 {[%emt 0:06:28]} Rc8 {[%emt 0:03:56]} 21. Bxg7 {[%emt 0:04:56]} Kxg7 {[%emt 0:00:58]} 22. c3 {[%emt 0:04:24]} Rcd8 {[%emt 0:02:17]} 23. Rxd5 {[%emt 0:00:30]} Rxd5 {[%emt 0:00:37]} 24. Qe3 {[%emt 0:01:08]} Qf6 {[%emt 0:00:45]} 25. Re1 {[%emt 0:00:26]} e6 {[%emt 0:00:24]} 26. b4 {[%emt 0:02:07]} Qh4 {[%emt 0:00:32]} 27. a4 {[%emt 0:05:47]} Qc4 {[%emt 0:00:26]} 28. a5 {[%emt 0:01:10]} Rd3 {[%emt 0:00:37]} 29. Qe4 {[%emt 0:04:56]} Qxc3 {[%emt 0:00:50]} 30. Qe5+ {[%emt 0:00:08]} Qxe5 {[%emt 0:01:17]} 31. Rxe5 {[%emt 0:00:01]} Rd1+ {[%emt 0:00:13]} 32. Kh2 {[%emt 0:00:01]} Ra1 {[%emt 0:00:39]} 33. Rb5 {[%emt 0:00:18]} Kf8 {[%emt 0:00:37]} 34. Rb6 {[%emt 0:01:29]} Ke8 {[%emt 0:01:01]} 35. a6 {[%emt 0:00:25]} Kd8 {[%emt 0:00:05]} 36. b5 {[%emt 0:00:04]} Kc8 {[%emt 0:00:32]} 37. Rb7 {[%emt 0:00:10]} Ra5 {[%emt 0:00:54]} 38. Rxf7 {[%emt 0:02:16]} Rxb5 {[%emt 0:00:10]} 39. a7 {[%emt 0:00:06]} Ra5 {[%emt 0:00:07]} 40. Rxh7 {[%emt 0:00:05]} 1-0

[Event "FRA-ch Youth U18 2019"]
[Site "Hyeres"]
[Date "2019.04.19"]
[Round "7.1"]
[White "Travadon, Loic"]
[Black "Gao, Etienne"]
[Result "1/2-1/2"]
[WhiteElo "2456"]
[BlackElo "2286"]
[Annotator "ChessBase"]
[PlyCount "42"]
[EventDate "2019.04.14"]
[EventType "swiss"]
[EventCountry "FRA"]
[SourceTitle "playchess.com"]
[Source "ChessBase"]
[SourceQuality "1"]
[TimeControl "5400+30"]

1. e4 {[%emt 0:00:00]} c5 {[%emt 0:00:00]} 2. Nc3 {[%emt 0:00:00]} d6 {[%emt 0:00:03]} 3. f4 {[%emt 0:00:00]} Nc6 {[%emt 0:00:52]} 4. Nf3 {[%emt 0:00:00]} g6 {[%emt 0:00:36]} 5. Bb5 {[%emt 0:00:00]} Bd7 {[%emt 0:04:07]} 6. Bc4 {[%emt 0:01:24]} e6 {[%emt 0:02:59]} 7. O-O {[%emt 0:00:19]} Nd4 {[%emt 0:09:22]} 8. f5 {[%emt 0:05:20]} Bg7 {[%emt 0:05:21]} 9. fxe6 {[%emt 0:00:17]} Bxe6 {[%emt 0:04:07]} 10. Bxe6 {[%emt 0:01:34]} fxe6 {[%emt 0:00:37]} 11. e5 {[%emt 0:03:33]} dxe5 {[%emt 0:06:31]} 12. d3 {[%emt 0:00:41]} Nf6 {[%emt 0:11:39]} 13. Bg5 {[%emt 0:05:58]} O-O {[%emt 0:03:12]} 14. Nxe5 {[%emt 0:01:50]} Qc7 {[%emt 0:01:30]} 15. Ng4 {[%emt 0:09:18]} Nxg4 {[%emt 0:03:41]} 16. Qxg4 {[%emt 0:00:11]} Rf5 {[%emt 0:01:21]} 17. Rxf5 {[%emt 0:14:03]} exf5 {[%emt 0:00:45]} 18. Qh4 {[%emt 0:00:22]} Qc6 {[%emt 0:05:49]} 19. Re1 {[%emt 0:01:12]} Re8 {[%emt 0:01:56]} 20. Rxe8+ {[%emt 0:01:59]} Qxe8 {[%emt 0:00:05]} 21. Kh1 {[%emt 0:13:35]} b6 {[%emt 0:08:11]} 1/2-1/2